000 00397nam a2200157Ia 4500
005 20250326132929.0
008 231217s9999 xx 000 0 und d
020 _a9788178815015
082 _a658.3 RAJ;1 R
100 _aRaju, P V L ed.
245 0 _aWork place : changing perspectives
260 _c2005
_bIcfai
_aHyderabad
300 _aix, 255
650 _aplace,changing
942 _cAA
999 _c187180
_d187180